| 000 | 00782nam a22001937a 4500 | ||
|---|---|---|---|
| 008 | 150522b xxu||||| |||| 00| 0 eng d | ||
| 020 | _a9280810987 (pbk.) | ||
| 041 | 0 | _aeng | |
| 080 | _a320.91 | ||
| 245 | 0 | 0 |
_aManaging agrodiversity the traditional way : _cedited by Edwin A. Gyasi ... [et al.]. |
| 260 |
_aNew York : _bUnited Nations University Press, _cc2004. |
||
| 300 |
_a266 f _bme il _c24 cm. |
||
| 505 | _aIndex:f.259-266 | ||
| 650 | 0 |
_aAgrobiodiversiteti _zAfrikë, Perëndimore. |
|
| 650 | 0 |
_aAgrobiodiversiteti _vRastet studimore _zAfrikë, Perëndimore. |
|
| 650 | 0 |
_aRuajtja e agrobiodiversitetit _zAfrikë, Perëndimore. |
|
| 700 | 1 |
_aGyasi, Edwin A. _d1943- |
|
| 942 |
_2udc _cBK |
||
| 999 |
_c896 _d896 |
||